Estudio de prefactibilidad técnico económico para la industrialización del azufre obtenido a partir de los gases de la refinería
Shranjeno v:
| Glavni avtor: | |
|---|---|
| Format: | Knjiga |
| Izdano: |
San José, C.R.
1996
|
| Teme: | |
| Oznake: |
Označite
Brez oznak, prvi označite!
|
MARC
| LEADER | 00000nam a2200000Ia 4500 | ||
|---|---|---|---|
| 003 | 008148 | ||
| 005 | 20221231144234.0 | ||
| 008 | 140114s1996 cr a m 000 ||s d | ||
| 040 | |c cru CEDI | ||
| 090 | |a TFG 3615 | ||
| 100 | |a Bolaños Quesada, Berny |9 9634 | ||
| 245 | |a Estudio de prefactibilidad técnico económico para la industrialización del azufre obtenido a partir de los gases de la refinería | ||
| 260 | |c 1996 |a San José, C.R. | ||
| 300 | |a xiv, [175] hojas : ilustraciones | ||
| 500 | |a Proyecto de graduación (licenciatura en ingeniería química)--Universidad de Costa Rica. Facultad de Ingeniería. Escuela de Ingeniería Química | ||
| 650 | |x AZUFRE - INDUSTRIA Y COMERCIO |9 1632 | ||
| 942 | |c TFG | ||
| 999 | |c 18897 |d 18897 | ||
